[Event "47th GRE-chT 2019"]
[Site "Patra"]
[Date "2019.07.02"]
[Round "1.10"]
[White "Chasapis, Christos"]
[Black "Papaioannou, Dimitrios"]
[Result "0-1"]
[WhiteElo "1029"]
[BlackElo "1589"]
[Annotator "NA"]
[PlyCount "124"]
[EventDate "2019.07.02"]
[EventCountry "GRE"]
[SourceTitle "playchess.com"]
[Source "ChessBase"]
[SourceQuality "1"]
[TimeControl "5400+30"]

1. e4 {[%emt 0:00:00]} e5 {[%emt 0:00:00]} 2. Nf3 {[%emt 0:00:00]} Nc6 {[%emt 0:00:00]} 3. Bb5 {[%emt 0:00:00]} a6 {[%emt 0:00:28]} 4. Ba4 {[%emt 0:00:00]} Nf6 {[%emt 0:00:57]} 5. d3 {[%emt 0:00:25]} b5 {[%emt 0:01:26]} 6. Bb3 {[%emt 0:00:51]} Be7 {[%emt 0:01:24]} 7. c3 {[%emt 0:00:57]} d6 {[%emt 0:04:48]} 8. O-O {[%emt 0:00:31]} O-O {[%emt 0:02:09]} 9. Re1 {[%emt 0:04:10]} Na5 {[%emt 0:02:46]} 10. Bc2 {[%emt 0:01:11]} c5 {[%emt 0:08:05]} 11. Nbd2 {[%emt 0:02:53]} Qc7 {[%emt 0:09:22]} 12. Nf1 {[%emt 0:04:08]} Re8 {[%emt 0:10:03]} 13. d4 {[%emt 0:02:43]} Bf8 {[%emt 0:14:23]} 14. Ne3 {[%emt 0:05:15]} g6 {[%emt 0:03:01]} 15. a4 {[%emt 0:03:21]} Bd7 {[%emt 0:03:36]} 16. d5 {[%emt 0:03:52]} c4 {[%emt 0:02:40]} 17. b4 {[%emt 0:01:13]} cxb3 {[%emt 0:01:16]} 18. Bxb3 {[%emt 0:02:12]} Nxe4 {[%emt 0:04:24]} 19. Ng4 {[%emt 0:01:11]} Bxg4 {[%emt 0:00:24]} 20. Rxe4 {[%emt 0:00:20]} Bxf3 {[%emt 0:00:23]} 21. gxf3 {[%emt 0:00:57]} Qxc3 {[%emt 0:04:26]} 22. Bd2 {[%emt 0:00:16]} Qxb3 {[%emt 0:00:44]} 23. Bxa5 {[%emt 0:00:23]} Qxd1+ {[%emt 0:00:10]} 24. Rxd1 {[%emt 0:00:21]} Rec8 {[%emt 0:02:01]} 25. axb5 {[%emt 0:00:16]} axb5 {[%emt 0:02:00]} 26. Bb4 {[%emt 0:01:21]} f5 {[%emt 0:02:27]} 27. Re2 {[%emt 0:00:46]} Kf7 {[%emt 0:01:00]} 28. Kg2 {[%emt 0:01:27]} f4 {[%emt 0:00:48]} 29. Kf1 {[%emt 0:00:45]} h5 {[%emt 0:01:23]} 30. h4 {[%emt 0:00:30]} Ke8 {[%emt 0:00:59]} 31. Kg2 {[%emt 0:00:21]} Kd7 {[%emt 0:04:36]} 32. Kh2 {[%emt 0:00:20]} Be7 {[%emt 0:01:15]} 33. Rg1 {[%emt 0:01:09]} Bxh4 {[%emt 0:00:23]} 34. Rxg6 {[%emt 0:00:19]} Be7 {[%emt 0:02:46]} 35. Kg2 {[%emt 0:00:28]} Ra1 {[%emt 0:01:08]} 36. Re1 {[%emt 0:00:25]} Rxe1 {[%emt 0:00:07]} 37. Bxe1 {[%emt 0:00:06]} Rc1 {[%emt 0:00:54]} 38. Bb4 {[%emt 0:00:45]} Rb1 {[%emt 0:01:09]} 39. Ba5 {[%emt 0:01:24]} Rd1 {[%emt 0:00:00]} 40. Rg7 {[%emt 0:00:00]} Rxd5 {[%emt 0:00:00]} 41. Kf1 {[%emt 0:00:00]} Rd1+ {[%emt 0:00:00]} 42. Kg2 {[%emt 0:00:00]} Ra1 {[%emt 0:00:00]} 43. Bb4 {[%emt 0:00:00]} Rb1 {[%emt 0:00:00]} 44. Ba5 {[%emt 0:00:00]} b4 {[%emt 0:00:00]} 45. Rg8 {[%emt 0:00:00]} Ke6 {[%emt 0:00:00]} 46. Rb8 {[%emt 0:00:00]} d5 {[%emt 0:00:00]} 47. Rb6+ {[%emt 0:00:00]} Kf5 {[%emt 0:00:00]} 48. Rb5 {[%emt 0:00:00]} d4 {[%emt 0:00:00]} 49. Bc7 {[%emt 0:00:00]} Bf6 {[%emt 0:00:00]} 50. Bd6 {[%emt 0:00:00]} b3 {[%emt 0:00:00]} 51. Ba3 {[%emt 0:00:00]} h4 {[%emt 0:00:00]} 52. Kh3 {[%emt 0:00:00]} d3 {[%emt 0:00:00]} 53. Rd5 {[%emt 0:00:00]} b2 {[%emt 0:00:00]} 54. Bxb2 {[%emt 0:00:00]} Rxb2 {[%emt 0:00:00]} 55. Rxd3 {[%emt 0:00:00]} Rxf2 {[%emt 0:00:00]} 56. Rd2 {[%emt 0:00:00]} Rxf3+ {[%emt 0:00:00]} 57. Kh2 {[%emt 0:00:00]} e4 {[%emt 0:00:00]} 58. Re2 {[%emt 0:00:00]} e3 {[%emt 0:00:00]} 59. Kg2 {[%emt 0:00:00]} Kg4 {[%emt 0:00:00]} 60. Ra2 {[%emt 0:00:00]} h3+ {[%emt 0:00:00]} 61. Kh2 {[%emt 0:00:00]} Rf2+ {[%emt 0:00:00]} 62. Rxf2 {[%emt 0:00:00]} exf2 {[%emt 0:00:00]} 0-1

[Event "47th GRE-chT 2019"]
[Site "Patra"]
[Date "2019.07.02"]
[Round "1.11"]
[White "Istratescu, Andrei"]
[Black "Mastrovasilis, Dimitrios"]
[Result "1/2-1/2"]
[WhiteElo "2558"]
[BlackElo "2589"]
[Annotator "ChessBase"]
[PlyCount "51"]
[EventDate "2019.07.02"]
[EventCountry "GRE"]
[SourceTitle "playchess.com"]
[Source "ChessBase"]
[SourceQuality "1"]
[TimeControl "5400+30"]

1. e4 {[%emt 0:00:00]} e5 {[%emt 0:00:00]} 2. Nf3 {[%emt 0:00:00]} Nf6 {[%emt 0:00:09]} 3. Nxe5 {[%emt 0:09:26]} d6 {[%emt 0:00:15]} 4. Nf3 {[%emt 0:00:07]} Nxe4 {[%emt 0:00:11]} 5. Qe2 {[%emt 0:01:02]} Qe7 {[%emt 0:00:23]} 6. d3 {[%emt 0:00:19]} Nf6 {[%emt 0:00:45]} 7. Bg5 {[%emt 0:00:08]} Qxe2+ {[%emt 0:12:12]} 8. Bxe2 {[%emt 0:00:42]} Be7 {[%emt 0:01:49]} 9. Nc3 {[%emt 0:01:21]} c6 {[%emt 0:03:16]} 10. h3 {[%emt 0:05:30]} Na6 {[%emt 0:12:21]} 11. O-O-O {[%emt 0:00:41]} Nc7 {[%emt 0:01:35]} 12. Ne4 {[%emt 0:07:35]} Nxe4 {[%emt 0:07:48]} 13. dxe4 {[%emt 0:00:26]} Bxg5+ {[%emt 0:00:24]} 14. Nxg5 {[%emt 0:00:03]} Ke7 {[%emt 0:00:35]} 15. Rhe1 {[%emt 0:04:10]} Ne6 {[%emt 0:12:45]} 16. Nxe6 {[%emt 0:08:20]} Bxe6 {[%emt 0:00:32]} 17. f4 {[%emt 0:00:59]} Rad8 {[%emt 0:08:23]} 18. Bf3 {[%emt 0:03:15]} h6 {[%emt 0:04:39]} 19. g4 {[%emt 0:08:38]} f6 {[%emt 0:05:19]} 20. h4 {[%emt 0:02:11]} g6 {[%emt 0:04:58]} 21. b3 {[%emt 0:04:51]} Bf7 {[%emt 0:02:12]} 22. Rh1 {[%emt 0:02:00]} Rhe8 {[%emt 0:04:47]} 23. Rd3 {[%emt 0:05:47]} Rh8 {[%emt 0:01:18]} 24. Rdd1 {[%emt 0:05:31]} Rhe8 {[%emt 0:00:16]} 25. Rd3 {[%emt 0:00:27]} Rh8 {[%emt 0:00:07]} 26. Rdd1 {[%emt 0:01:31]} 1/2-1/2

[Event "47th GRE-chT 2019"]
[Site "Patra"]
[Date "2019.07.02"]
[Round "1.11"]
[White "Dimitrov, Atanas"]
[Black "Loutragotis, Dimitrios"]
[Result "1-0"]
[WhiteElo "2299"]
[BlackElo "2287"]
[Annotator "ChessBase"]
[PlyCount "87"]
[EventDate "2019.07.02"]
[EventCountry "GRE"]
[SourceTitle "playchess.com"]
[Source "ChessBase"]
[SourceQuality "1"]
[TimeControl "5400+30"]

1. d4 {[%emt 0:00:00]} Nf6 {[%emt 0:00:00]} 2. Nf3 {[%emt 0:00:00]} g6 {[%emt 0:00:00]} 3. g3 {[%emt 0:00:00]} Bg7 {[%emt 0:00:00]} 4. Bg2 {[%emt 0:00:00]} O-O {[%emt 0:00:02]} 5. O-O {[%emt 0:02:14]} d6 {[%emt 0:00:07]} 6. c4 {[%emt 0:02:37]} Nbd7 {[%emt 0:00:09]} 7. Nc3 {[%emt 0:00:31]} e5 {[%emt 0:00:10]} 8. e3 {[%emt 0:01:03]} Re8 {[%emt 0:05:06]} 9. Re1 {[%emt 0:01:28]} c6 {[%emt 0:07:48]} 10. a4 {[%emt 0:06:24]} a5 {[%emt 0:05:37]} 11. b3 {[%emt 0:00:16]} Nf8 {[%emt 0:08:33]} 12. Ba3 {[%emt 0:10:22]} e4 {[%emt 0:09:14]} 13. Nd2 {[%emt 0:00:06]} Bf5 {[%emt 0:00:06]} 14. Rb1 {[%emt 0:03:20]} Qd7 {[%emt 0:30:45]} 15. b4 {[%emt 0:00:44]} axb4 {[%emt 0:00:07]} 16. Rxb4 {[%emt 0:00:51]} Rad8 {[%emt 0:01:05]} 17. Qb3 {[%emt 0:16:51]} Re7 {[%emt 0:03:47]} 18. Rb1 {[%emt 0:00:06]} Rb8 {[%emt 0:05:34]} 19. a5 {[%emt 0:00:07]} c5 {[%emt 0:04:00]} 20. Rb6 {[%emt 0:00:21]} Ra8 {[%emt 0:00:55]} 21. Nb5 {[%emt 0:09:18]} Ne8 {[%emt 0:07:50]} 22. dxc5 {[%emt 0:07:29]} dxc5 {[%emt 0:00:12]} 23. Bxc5 {[%emt 0:00:16]} Qxd2 {[%emt 0:03:57]} 24. Bxe7 {[%emt 0:00:08]} Nd7 {[%emt 0:01:32]} 25. Bb4 {[%emt 0:04:27]} Qe2 {[%emt 0:00:37]} 26. Rxb7 {[%emt 0:00:17]} Ne5 {[%emt 0:02:56]} 27. Nd4 {[%emt 0:00:34]} Qh5 {[%emt 0:01:47]} 28. Nxf5 {[%emt 0:12:12]} Qxf5 {[%emt 0:00:26]} 29. Qc2 {[%emt 0:01:46]} Nd3 {[%emt 0:00:37]} 30. Rb5 {[%emt 0:06:41]} Qe6 {[%emt 0:00:31]} 31. Bf1 {[%emt 0:00:07]} Rd8 {[%emt 0:00:37]} 32. Rd1 {[%emt 0:02:28]} Nc7 {[%emt 0:00:43]} 33. Bxd3 {[%emt 0:01:51]} Nxb5 {[%emt 0:00:54]} 34. cxb5 {[%emt 0:00:04]} exd3 {[%emt 0:00:12]} 35. Rxd3 {[%emt 0:00:02]} Rc8 {[%emt 0:00:20]} 36. Qd1 {[%emt 0:01:36]} Bf6 {[%emt 0:00:17]} 37. b6 {[%emt 0:06:10]} Qe4 {[%emt 0:01:14]} 38. Qd2 {[%emt 0:01:28]} Qc6 {[%emt 0:00:41]} 39. Rd6 {[%emt 0:01:33]} Qa4 {[%emt 0:00:04]} 40. b7 {[%emt 0:00:00]} Rb8 {[%emt 0:00:00]} 41. a6 {[%emt 0:00:00]} Be7 {[%emt 0:00:00]} 42. Bc3 {[%emt 0:00:00]} Qa3 {[%emt 0:00:00]} 43. Qd4 {[%emt 0:00:00]} f6 {[%emt 0:00:00]} 44. Rxf6 {[%emt 0:00:00]} 1-0

[Event "47th GRE-chT 2019"]
[Site "Patra"]
[Date "2019.07.02"]
[Round "1.12"]
[White "Mastrovasilis, Athanasios"]
[Black "Szabo, Gergely-Andras-Gyula"]
[Result "1/2-1/2"]
[WhiteElo "2518"]
[BlackElo "2535"]
[Annotator "ChessBase"]
[PlyCount "43"]
[EventDate "2019.07.02"]
[EventCountry "GRE"]
[SourceTitle "playchess.com"]
[Source "ChessBase"]
[SourceQuality "1"]
[TimeControl "5400+30"]

1. d4 {[%emt 0:00:00]} Nf6 {[%emt 0:01:36]} 2. Nf3 {[%emt 0:00:32]} e6 {[%emt 0:01:12]} 3. c4 {[%emt 0:00:57]} c5 {[%emt 0:04:20]} 4. e3 {[%emt 0:00:55]} cxd4 {[%emt 0:00:11]} 5. exd4 {[%emt 0:00:13]} d5 {[%emt 0:00:59]} 6. Nc3 {[%emt 0:00:50]} Bb4 {[%emt 0:00:56]} 7. Bd3 {[%emt 0:02:04]} dxc4 {[%emt 0:01:29]} 8. Bxc4 {[%emt 0:00:07]} O-O {[%emt 0:00:17]} 9. O-O {[%emt 0:00:06]} b6 {[%emt 0:06:26]} 10. Bg5 {[%emt 0:03:38]} Bb7 {[%emt 0:09:21]} 11. Ne5 {[%emt 0:06:19]} Nbd7 {[%emt 0:02:19]} 12. Nxd7 {[%emt 0:00:43]} Qxd7 {[%emt 0:00:10]} 13. Bxf6 {[%emt 0:00:05]} gxf6 {[%emt 0:02:43]} 14. d5 {[%emt 0:01:56]} Bxc3 {[%emt 0:02:37]} 15. bxc3 {[%emt 0:02:27]} Bxd5 {[%emt 0:00:32]} 16. Qg4+ {[%emt 0:00:05]} Kh8 {[%emt 0:00:24]} 17. Qh4 {[%emt 0:01:46]} Bxc4 {[%emt 0:01:46]} 18. Qxf6+ {[%emt 0:00:11]} Kg8 {[%emt 0:00:16]} 19. Qg5+ {[%emt 0:00:03]} Kh8 {[%emt 0:00:04]} 20. Qf6+ {[%emt 0:00:04]} Kg8 {[%emt 0:00:24]} 21. Qg5+ {[%emt 0:00:04]} Kh8 {[%emt 0:00:09]} 22. Qf6+ {[%emt 0:01:01]} 1/2-1/2

[Event "47th GRE-chT 2019"]
[Site "Patra"]
[Date "2019.07.02"]
[Round "1.12"]
[White "Roinos, Ilias"]
[Black "Georgiou, Kostantinos"]
[Result "0-1"]
[WhiteElo "2210"]
[BlackElo "2191"]
[Annotator "ChessBase"]
[PlyCount "88"]
[EventDate "2019.07.02"]
[EventCountry "GRE"]
[SourceTitle "playchess.com"]
[Source "ChessBase"]
[SourceQuality "1"]
[TimeControl "5400+30"]

1. e4 {[%emt 0:00:00]} e6 {[%emt 0:00:32]} 2. d4 {[%emt 0:00:13]} d5 {[%emt 0:00:04]} 3. Nd2 {[%emt 0:00:06]} Nf6 {[%emt 0:00:13]} 4. e5 {[%emt 0:00:11]} Nfd7 {[%emt 0:00:03]} 5. Ngf3 {[%emt 0:00:16]} c5 {[%emt 0:00:09]} 6. c3 {[%emt 0:00:09]} Nc6 {[%emt 0:00:06]} 7. Bd3 {[%emt 0:01:13]} g6 {[%emt 0:00:06]} 8. a3 {[%emt 0:07:21]} a5 {[%emt 0:05:26]} 9. Nf1 {[%emt 0:09:08]} Bg7 {[%emt 0:03:39]} 10. h4 {[%emt 0:01:18]} h6 {[%emt 0:06:58]} 11. Be3 {[%emt 0:05:00]} b6 {[%emt 0:04:18]} 12. Qe2 {[%emt 0:12:39]} Bb7 {[%emt 0:07:22]} 13. b3 {[%emt 0:06:27]} Qc8 {[%emt 0:04:20]} 14. Ng3 {[%emt 0:17:19]} cxd4 {[%emt 0:07:50]} 15. cxd4 {[%emt 0:02:50]} Ncxe5 {[%emt 0:02:45]} 16. Rc1 {[%emt 0:00:45]} Nxd3+ {[%emt 0:01:34]} 17. Qxd3 {[%emt 0:00:07]} Qd8 {[%emt 0:01:30]} 18. Qd2 {[%emt 0:00:55]} Ba6 {[%emt 0:03:46]} 19. Ne2 {[%emt 0:01:35]} Nf6 {[%emt 0:04:24]} 20. O-O {[%emt 0:02:20]} Ne4 {[%emt 0:02:48]} 21. Qb2 {[%emt 0:00:13]} g5 {[%emt 0:07:04]} 22. Ne5 {[%emt 0:09:42]} O-O {[%emt 0:03:25]} 23. hxg5 {[%emt 0:03:18]} hxg5 {[%emt 0:00:38]} 24. Rfd1 {[%emt 0:00:11]} f6 {[%emt 0:06:08]} 25. Nd3 {[%emt 0:00:56]} Qd7 {[%emt 0:02:48]} 26. f3 {[%emt 0:02:46]} Nd6 {[%emt 0:00:53]} 27. Ng3 {[%emt 0:01:28]} Rfc8 {[%emt 0:03:44]} 28. Rxc8+ {[%emt 0:00:14]} Rxc8 {[%emt 0:00:22]} 29. f4 {[%emt 0:00:15]} Ne4 {[%emt 0:05:16]} 30. Nxe4 {[%emt 0:00:58]} dxe4 {[%emt 0:00:04]} 31. Nf2 {[%emt 0:00:10]} gxf4 {[%emt 0:01:24]} 32. Bxf4 {[%emt 0:00:12]} f5 {[%emt 0:00:36]} 33. Qd2 {[%emt 0:02:24]} a4 {[%emt 0:06:47]} 34. Qe3 {[%emt 0:03:39]} Bd3 {[%emt 0:01:47]} 35. Be5 {[%emt 0:03:26]} Bc2 {[%emt 0:01:26]} 36. Re1 {[%emt 0:07:28]} axb3 {[%emt 0:02:32]} 37. Qg5 {[%emt 0:00:05]} b2 {[%emt 0:01:12]} 38. Nh3 {[%emt 0:00:02]} Kf8 {[%emt 0:02:50]} 39. Nf4 {[%emt 0:00:26]} Bxe5 {[%emt 0:00:32]} 40. dxe5 {[%emt 0:00:00]} Qf7 {[%emt 0:00:00]} 41. Qh6+ {[%emt 0:00:00]} Ke7 {[%emt 0:00:00]} 42. Nd5+ {[%emt 0:00:00]} exd5 {[%emt 0:00:00]} 43. Qd6+ {[%emt 0:00:00]} Ke8 {[%emt 0:00:00]} 44. e6 {[%emt 0:00:00]} Qc7 {[%emt 0:00:00]} 0-1

[Event "47th GRE-chT 2019"]
[Site "Patra"]
[Date "2019.07.02"]
[Round "1.13"]
[White "Beliotis, Georgios"]
[Black "Malikentzos, Sotirios"]
[Result "1/2-1/2"]
[WhiteElo "2204"]
[BlackElo "2428"]
[Annotator "NA"]
[PlyCount "91"]
[EventDate "2019.07.02"]
[EventCountry "GRE"]
[SourceTitle "playchess.com"]
[Source "ChessBase"]
[SourceQuality "1"]
[TimeControl "5400+30"]

1. e4 {[%emt 0:00:00]} c6 {[%emt 0:00:44]} 2. d4 {[%emt 0:00:35]} d5 {[%emt 0:00:21]} 3. e5 {[%emt 0:00:41]} Bf5 {[%emt 0:00:23]} 4. h4 {[%emt 0:00:34]} c5 {[%emt 0:00:09]} 5. g4 {[%emt 0:07:09]} Bd7 {[%emt 0:00:05]} 6. c3 {[%emt 0:06:52]} Nc6 {[%emt 0:01:56]} 7. Bh3 {[%emt 0:05:51]} e6 {[%emt 0:07:32]} 8. h5 {[%emt 0:05:56]} f6 {[%emt 0:08:28]} 9. Nf3 {[%emt 0:15:13]} cxd4 {[%emt 0:04:22]} 10. cxd4 {[%emt 0:01:27]} fxe5 {[%emt 0:00:23]} 11. dxe5 {[%emt 0:00:18]} Bb4+ {[%emt 0:00:11]} 12. Nc3 {[%emt 0:07:09]} Nge7 {[%emt 0:05:11]} 13. O-O {[%emt 0:07:04]} O-O {[%emt 0:02:19]} 14. Bg5 {[%emt 0:11:59]} Qa5 {[%emt 0:05:11]} 15. h6 {[%emt 0:03:58]} Bxc3 {[%emt 0:04:01]} 16. bxc3 {[%emt 0:05:08]} Qxc3 {[%emt 0:01:20]} 17. Kg2 {[%emt 0:01:03]} Ng6 {[%emt 0:08:32]} 18. Rc1 {[%emt 0:01:37]} Qxf3+ {[%emt 0:09:00]} 19. Qxf3 {[%emt 0:00:07]} Rxf3 {[%emt 0:00:03]} 20. Kxf3 {[%emt 0:00:08]} Ngxe5+ {[%emt 0:00:33]} 21. Kg3 {[%emt 0:01:17]} Nf7 {[%emt 0:02:55]} 22. Bd2 {[%emt 0:01:41]} gxh6 {[%emt 0:02:42]} 23. Bg2 {[%emt 0:00:59]} h5 {[%emt 0:02:48]} 24. gxh5 {[%emt 0:06:16]} Nd6 {[%emt 0:00:20]} 25. Kh2 {[%emt 0:02:51]} Kf7 {[%emt 0:01:05]} 26. Bh3 {[%emt 0:01:55]} Nc4 {[%emt 0:06:18]} 27. Bh6 {[%emt 0:02:57]} Nd4 {[%emt 0:02:06]} 28. Rfd1 {[%emt 0:01:43]} Nf3+ {[%emt 0:00:46]} 29. Kg3 {[%emt 0:00:26]} Nfe5 {[%emt 0:00:20]} 30. f4 {[%emt 0:00:45]} Rg8+ {[%emt 0:07:34]} 31. Kf2 {[%emt 0:00:06]} Ba4 {[%emt 0:02:21]} 32. fxe5 {[%emt 0:00:15]} Bxd1 {[%emt 0:00:05]} 33. Rxd1 {[%emt 0:00:06]} Nxe5 {[%emt 0:00:22]} 34. Bf4 {[%emt 0:00:48]} Nc4 {[%emt 0:01:57]} 35. Rb1 {[%emt 0:00:52]} b6 {[%emt 0:00:18]} 36. Bf1 {[%emt 0:00:25]} e5 {[%emt 0:02:00]} 37. Bxc4 {[%emt 0:00:55]} dxc4 {[%emt 0:00:03]} 38. Bxe5 {[%emt 0:00:47]} Rg5 {[%emt 0:00:04]} 39. Bb8 {[%emt 0:00:43]} Ra5 {[%emt 0:00:54]} 40. Rb2 {[%emt 0:00:00]} Rxh5 {[%emt 0:00:00]} 41. Ke3 {[%emt 0:00:00]} a6 {[%emt 0:00:00]} 42. Rxb6 {[%emt 0:00:00]} Rb5 {[%emt 0:00:00]} 43. Bc7 {[%emt 0:00:00]} Rxb6 {[%emt 0:00:00]} 44. Bxb6 {[%emt 0:00:00]} Ke6 {[%emt 0:00:00]} 45. Kd4 {[%emt 0:00:00]} Kd7 {[%emt 0:00:00]} 46. Kxc4 {[%emt 0:00:00]} 1/2-1/2

[Event "47th GRE-chT 2019"]
[Site "Patra"]
[Date "2019.07.02"]
[Round "1.13"]
[White "Makka, Evanthia"]
[Black "Gikas, Andreas Basilius"]
[Result "0-1"]
[WhiteElo "2098"]
[BlackElo "2178"]
[Annotator "NA"]
[PlyCount "77"]
[EventDate "2019.07.02"]
[EventCountry "GRE"]
[SourceTitle "playchess.com"]
[Source "ChessBase"]
[SourceQuality "1"]
[TimeControl "5400+30"]

1. d4 {[%emt 0:03:51]} d5 {[%emt 0:00:00]} 2. Nf3 {[%emt 0:00:08]} c6 {[%emt 0:00:00]} 3. e3 {[%emt 0:04:58]} Bf5 {[%emt 0:00:50]} 4. Be2 {[%emt 0:10:08]} e6 {[%emt 0:02:02]} 5. Nbd2 {[%emt 0:09:32]} Nd7 {[%emt 0:02:07]} 6. b3 {[%emt 0:01:37]} h6 {[%emt 0:01:39]} 7. Bb2 {[%emt 0:01:39]} Ngf6 {[%emt 0:00:17]} 8. c4 {[%emt 0:07:11]} Be7 {[%emt 0:06:42]} 9. O-O {[%emt 0:01:15]} O-O {[%emt 0:00:16]} 10. Ne1 {[%emt 0:02:28]} a5 {[%emt 0:04:00]} 11. Nd3 {[%emt 0:02:44]} Re8 {[%emt 0:03:53]} 12. f3 {[%emt 0:03:32]} Bh7 {[%emt 0:02:01]} 13. f4 {[%emt 0:08:32]} Ne4 {[%emt 0:01:58]} 14. Nxe4 {[%emt 0:03:12]} Bxe4 {[%emt 0:00:17]} 15. Nf2 {[%emt 0:06:02]} Bh7 {[%emt 0:08:44]} 16. Bd3 {[%emt 0:01:26]} Bxd3 {[%emt 0:01:26]} 17. Qxd3 {[%emt 0:00:11]} Nf6 {[%emt 0:04:13]} 18. e4 {[%emt 0:01:31]} dxe4 {[%emt 0:08:10]} 19. Nxe4 {[%emt 0:00:07]} Nxe4 {[%emt 0:08:23]} 20. Qxe4 {[%emt 0:00:08]} Bf6 {[%emt 0:00:05]} 21. Rad1 {[%emt 0:02:28]} Qb6 {[%emt 0:01:46]} 22. Ba3 {[%emt 0:04:08]} a4 {[%emt 0:05:48]} 23. Bc5 {[%emt 0:03:09]} Qc7 {[%emt 0:01:42]} 24. Qf3 {[%emt 0:03:06]} Red8 {[%emt 0:01:52]} 25. Qf2 {[%emt 0:02:18]} b6 {[%emt 0:05:09]} 26. Bb4 {[%emt 0:02:12]} Qd7 {[%emt 0:00:55]} 27. Kh1 {[%emt 0:10:49]} Bxd4 {[%emt 0:03:01]} 28. Qg3 {[%emt 0:03:41]} c5 {[%emt 0:04:26]} 29. Bc3 {[%emt 0:01:23]} axb3 {[%emt 0:02:00]} 30. axb3 {[%emt 0:00:59]} Qc6 {[%emt 0:04:19]} 31. Bxd4 {[%emt 0:00:20]} Rxd4 {[%emt 0:00:36]} 32. Rxd4 {[%emt 0:00:24]} cxd4 {[%emt 0:00:03]} 33. h3 {[%emt 0:00:13]} Ra2 {[%emt 0:01:37]} 34. Rd1 {[%emt 0:00:53]} Qe4 {[%emt 0:01:42]} 35. b4 {[%emt 0:00:43]} Rc2 {[%emt 0:00:57]} 36. c5 {[%emt 0:00:28]} bxc5 {[%emt 0:00:50]} 37. bxc5 {[%emt 0:00:09]} Rxc5 {[%emt 0:04:03]} 38. Re1 {[%emt 0:00:52]} Qc6 {[%emt 0:02:06]} 39. Kh2 0-1

[Event "47th GRE-chT 2019"]
[Site "Patra"]
[Date "2019.07.02"]
[Round "1.14"]
[White "Kalogeris, Ioannis"]
[Black "Tsekouras, Theodoros"]
[Result "1-0"]
[WhiteElo "2376"]
[BlackElo "2196"]
[Annotator "ChessBase"]
[PlyCount "100"]
[EventDate "2019.07.02"]
[EventCountry "GRE"]
[SourceTitle "playchess.com"]
[Source "ChessBase"]
[SourceQuality "1"]
[TimeControl "5400+30"]

1. e4 {[%emt 0:00:01]} c5 {[%emt 0:01:52]} 2. Nf3 {[%emt 0:00:40]} d6 {[%emt 0:00:08]} 3. d4 {[%emt 0:00:06]} cxd4 {[%emt 0:00:06]} 4. Nxd4 {[%emt 0:00:20]} Nf6 {[%emt 0:00:06]} 5. Nc3 {[%emt 0:00:11]} a6 {[%emt 0:00:18]} 6. g3 {[%emt 0:01:11]} e5 {[%emt 0:00:37]} 7. Nde2 {[%emt 0:03:24]} Be7 {[%emt 0:00:23]} 8. Bg2 {[%emt 0:03:20]} Be6 {[%emt 0:07:31]} 9. h3 {[%emt 0:04:25]} O-O {[%emt 0:12:12]} 10. a4 {[%emt 0:11:37]} Nc6 {[%emt 0:01:24]} 11. Nd5 {[%emt 0:03:12]} Rc8 {[%emt 0:09:25]} 12. Be3 {[%emt 0:08:43]} Bxd5 {[%emt 0:00:55]} 13. exd5 {[%emt 0:00:03]} Nb8 {[%emt 0:12:46]} 14. a5 {[%emt 0:01:28]} Nbd7 {[%emt 0:08:12]} 15. b3 {[%emt 0:08:18]} Ne8 {[%emt 0:06:37]} 16. c4 {[%emt 0:04:24]} Bg5 {[%emt 0:04:39]} 17. f4 {[%emt 0:01:28]} exf4 {[%emt 0:02:34]} 18. Nxf4 {[%emt 0:08:11]} Qe7 {[%emt 0:03:30]} 19. Kf2 {[%emt 0:03:37]} Nef6 {[%emt 0:00:45]} 20. Re1 {[%emt 0:09:34]} Rfe8 {[%emt 0:11:27]} 21. h4 {[%emt 0:03:43]} Bh6 {[%emt 0:00:57]} 22. Bh3 {[%emt 0:04:25]} Rcd8 {[%emt 0:09:14]} 23. Qc2 {[%emt 0:04:28]} Ne5 {[%emt 0:00:31]} 24. Kg2 {[%emt 0:06:55]} Nfd7 {[%emt 0:01:52]} 25. Bf5 {[%emt 0:00:53]} g6 {[%emt 0:01:02]} 26. Nxg6 {[%emt 0:03:48]} hxg6 {[%emt 0:00:20]} 27. Bxd7 {[%emt 0:04:03]} Qxd7 {[%emt 0:00:07]} 28. Bxh6 {[%emt 0:00:04]} Qg4 {[%emt 0:02:48]} 29. Qc3 {[%emt 0:01:12]} Kh7 {[%emt 0:00:21]} 30. Bg5 {[%emt 0:00:11]} Rc8 {[%emt 0:01:26]} 31. Bf4 {[%emt 0:01:02]} Qf5 {[%emt 0:00:16]} 32. Bxe5 {[%emt 0:00:24]} Rxe5 {[%emt 0:00:20]} 33. Rxe5 {[%emt 0:00:08]} dxe5 {[%emt 0:01:00]} 34. Rf1 {[%emt 0:00:54]} Qe4+ {[%emt 0:00:01]} 35. Qf3 {[%emt 0:00:14]} Qxf3+ {[%emt 0:00:21]} 36. Kxf3 {[%emt 0:00:32]} f5 {[%emt 0:00:24]} 37. Re1 {[%emt 0:00:28]} Re8 {[%emt 0:01:05]} 38. c5 {[%emt 0:00:10]} Kg7 {[%emt 0:00:18]} 39. Rc1 {[%emt 0:01:04]} Kf7 {[%emt 0:00:00]} 40. c6 {[%emt 0:00:00]} bxc6 {[%emt 0:00:00]} 41. dxc6 {[%emt 0:00:00]} Ke6 {[%emt 0:00:00]} 42. g4 {[%emt 0:00:00]} Kd5 {[%emt 0:00:00]} 43. c7 {[%emt 0:00:00]} Rc8 {[%emt 0:00:00]} 44. gxf5 {[%emt 0:00:00]} gxf5 {[%emt 0:00:00]} 45. Rc4 {[%emt 0:00:00]} Kd6 {[%emt 0:00:00]} 46. h5 {[%emt 0:00:00]} Ke6 {[%emt 0:00:00]} 47. h6 {[%emt 0:00:00]} Kf7 {[%emt 0:00:00]} 48. Rc6 {[%emt 0:00:00]} Kg8 {[%emt 0:00:00]} 49. b4 {[%emt 0:00:00]} Kh7 {[%emt 0:00:00]} 50. b5 {[%emt 0:00:00]} Rb8 {[%emt 0:00:06] Ke4} 1-0